000 00707nam a2200193 i 4500
001 135264
003 ES-MaACL
005 20230906194838.0
007 t|
008 070713s1943 sp ||||1| spa d
100 1 _aTodd, James Campbell.
_9110401
245 1 0 _aDiagnóstico clínico para el laboratorio /
_cpor James Campbell Todd y Arthur Hawley Sanford ; traducción de la novena edición americana por J. González Campo de Cos.
250 _a2ª ed. rev. y amp.
260 _aMadrid :
_bManuel Marín y G. Campo,
_c1943.
300 _a837 :
_bil. ;
_c24 cm.
700 1 _aSanford, Arthur Hawley.
_9103135
700 1 _aGonzález-Campo de Cos, José.
_958488
852 _aES-MaACL
_jE-805
_bR.20394
999 _c135264
_d135264